000 00355 a2200157 4500
001 154406
040 _cEscola São Tomás de Aquino
100 _aPONTES,Erica
240 1 0 _aPerdidos e guardados
_lpor
245 1 0 _aPerdidos e guardados
300 _a39
362 0 _a2011
440 1 _aCortez
697 _a*LITERATURA INFANTO JUVENIL
942 _cBK
999 _c154406
_d154406